[Event "XXIX Andorra Open"]
[Site "Arinsal AND"]
[Date "2011.07.16"]
[Round "1.2"]
[White "Ben Porat, Zeev"]
[Black "Hamdouchi, Hicham"]
[Result "0-1"]
[BlackTitle "GM"]
[WhiteElo "1984"]
[BlackElo "2628"]
[WhiteFideId "2801051"]
[BlackFideId "9000011"]
[EventDate "2011.07.16"]
[EventType "swiss"]

1. e4 c5 2. Nc3 Nc6 3. f4 g6 4. Nf3 Bg7 5. Bc4 e6 6. d3 Nge7 7. O-O d5 8. Bb3
O-O 9. Qe1 Nd4 10. Nxd4 cxd4 11. Nd1 a5 12. a4 f5 13. Nf2 Kh8 14. e5 Bd7 15. Bd2
Nc6 16. Nh3 h6 17. Kh1 Rf7 18. Qg3 Kh7 19. Rae1 Be8 20. Ng1 Bf8 21. Nf3 Bb4 22.
c3 Bc5 23. Qh4 Qxh4 24. Nxh4 Re7 25. c4 dxc4 26. Bxc4 Bb4 27. Nf3 Bxd2 28. Nxd2
g5 29. Nb3 Rd8 30. Nc5 Bf7 31. fxg5 hxg5 32. h4 b6 33. Nb3 Kg6 34. hxg5 Kxg5 35.
Nd2 Bh5 36. Nf3+ Kh6 37. Ng1 Nb4 38. Rf2 Bg4 39. Nh3 Rh8 40. Kh2 Kg6 41. Kg3
Bxh3 42. gxh3 Reh7 43. Rh1 Rh5 44. h4 Kf7 45. Rf4 Nc6 46. Re1 Rd8 47. Re2 Ke7
48. Kf3 Rdh8 49. Bb5 Na7 50. Rxd4 Nxb5 51. axb5 Rxh4 52. Rd6 Rd8 53. Rxb6 Rxd3+
54. Kg2 f4 55. Rb7+ Ke8 56. Rc2 Rg3+ 57. Kf1 Rh1+ 58. Ke2 Rh2+ 59. Ke1 Rg1# 0-1

[Event "XXIX Andorra Open"]
[Site "Arinsal AND"]
[Date "2011.07.16"]
[Round "1.3"]
[White "Damljanovic, Branko"]
[Black "Vink, Wim"]
[Result "1-0"]
[WhiteTitle "GM"]
[WhiteElo "2611"]
[BlackElo "1980"]
[WhiteFideId "900125"]
[BlackFideId "1012070"]
[EventDate "2011.07.16"]
[EventType "swiss"]

1. d4 d5 2. c4 c6 3. Nc3 Nf6 4. e3 g6 5. Nf3 Bg7 6. Bd3 O-O 7. O-O Bg4 8. h3
Bxf3 9. Qxf3 e6 10. Rd1 Nbd7 11. Bd2 Qe7 12. cxd5 exd5 13. b4 a6 14. a4 Rfe8 15.
b5 axb5 16. axb5 Rxa1 17. Rxa1 Ne4 18. Be1 Nb6 19. bxc6 bxc6 20. Rb1 Nc8 21. Rc1
f5 22. Qd1 Nxc3 23. Bxc3 Qd7 24. Qa4 Re6 25. Bd2 Bf6 26. Qa8 Bd8 27. Rb1 Nd6 28.
Rb6 Nf7 29. Rb7 Qe8 30. Rb8 Kg7 31. Rc8 Qd7 32. Bb4 Kf6 33. Kf1 Be7 34. Bxe7+
Kxe7 35. Qb8 Qd6 36. Rc7+ Kf6 37. Qa7 Re7 38. Rxe7 Qxe7 39. Qb6 Qd6 40. Be2 h6
41. g3 Ng5 42. Bb5 Nxh3 43. Qxc6 Qxc6 44. Bxc6 Ke6 45. f4 g5 46. Kg2 g4 47. Bb7
h5 48. Bc8+ Kf6 49. Bd7 1-0

[Event "XXIX Andorra Open"]
[Site "Arinsal AND"]
[Date "2011.07.16"]
[Round "1.4"]
[White "Rionda Medio, Angel Arturo"]
[Black "Iturrizaga, Eduardo"]
[Result "0-1"]
[BlackTitle "GM"]
[WhiteElo "1978"]
[BlackElo "2603"]
[WhiteFideId "2238934"]
[BlackFideId "3901211"]
[EventDate "2011.07.16"]
[EventType "swiss"]

1. d4 Nf6 2. Nf3 g6 3. c4 c5 4. d5 b5 5. cxb5 a6 6. b6 d6 7. Nc3 Nbd7 8. e4 Bg7
9. Qc2 O-O 10. Nd2 Nxb6 11. Nc4 e6 12. Nxb6 Qxb6 13. Bc4 exd5 14. Bxd5 Bb7 15.
O-O Rfe8 16. Bf4 Bxd5 17. exd5 Nh5 18. Na4 Qd8 19. Bd2 Bd4 20. Bc3 Nf4 21. Bxd4
Qg5 22. g3 Ne2+ 23. Kg2 Qxd5+ 24. f3 Nxd4 25. Qd3 Re2+ 26. Rf2 c4 27. Nc3 cxd3
28. Nxd5 Nc2 29. Rd1 Re5 30. Nf6+ Kg7 31. Ng4 Rd5 0-1

[Event "XXIX Andorra Open"]
[Site "Arinsal AND"]
[Date "2011.07.16"]
[Round "1.6"]
[White "Ouwersloot, Hans"]
[Black "Arizmendi Martinez, Julen Luis"]
[Result "0-1"]
[BlackTitle "GM"]
[WhiteElo "1962"]
[BlackElo "2555"]
[WhiteFideId "1022970"]
[BlackFideId "2205092"]
[EventDate "2011.07.16"]
[EventType "swiss"]

1. e4 e6 2. d4 d5 3. Nd2 h6 4. Bd3 c5 5. c3 cxd4 6. cxd4 dxe4 7. Nxe4 Bb4+ 8.
Nc3 Nf6 9. Nf3 O-O 10. Ne5 b6 11. O-O Bb7 12. Be3 Nc6 13. Ng4 Nxg4 14. Qxg4 f5
15. Qg3 Qf6 16. Bf4 Rad8 17. d5 exd5 18. Nxd5 Rxd5 19. Bc4 Nd4 20. Qe3 Kh7 21.
Bxd5 Bxd5 22. Rad1 Bc5 23. Be5 Qg6 24. Qh3 Bxg2 25. Qxg2 Nf3+ 26. Kh1 Nxe5 27.
Rfe1 Ng4 28. Re2 Re8 0-1

[Event "XXIX Andorra Open"]
[Site "Arinsal AND"]
[Date "2011.07.16"]
[Round "1.7"]
[White "Almeida Quintana, Omar"]
[Black "Oliva Llorens, Antoni"]
[Result "1-0"]
[WhiteTitle "GM"]
[WhiteElo "2548"]
[BlackElo "1958"]
[WhiteFideId "3503313"]
[BlackFideId "22271015"]
[EventDate "2011.07.16"]
[EventType "swiss"]

1. d4 Nf6 2. c4 e6 3. Nf3 d5 4. Nc3 Bb4 5. Bg5 O-O 6. cxd5 exd5 7. Rc1 h6 8. Bh4
c6 9. e3 Nbd7 10. Bd3 Qa5 11. O-O Re8 12. Qc2 Bxc3 13. bxc3 Ne4 14. c4 Ndf6 15.
Ne5 Nd7 16. cxd5 cxd5 17. Bxe4 dxe4 18. Nc4 Qd5 19. Bg3 Re6 20. Qb1 b6 21. Rc3
Ba6 22. Rfc1 Rc8 23. Nd2 Rxc3 24. Rxc3 Bd3 25. Rc8+ Kh7 26. Qb3 Qb5 27. Qxb5
Bxb5 28. d5 Rg6 29. Nxe4 1-0

[Event "XXIX Andorra Open"]
[Site "Arinsal AND"]
[Date "2011.07.16"]
[Round "1.9"]
[White "Narciso Dublan, Marc"]
[Black "Fernandez Vazquez, Jorge"]
[Result "1-0"]
[WhiteTitle "GM"]
[WhiteElo "2544"]
[BlackElo "1940"]
[WhiteFideId "2201500"]
[BlackFideId "22222294"]
[EventDate "2011.07.16"]
[EventType "swiss"]

1. d4 Nf6 2. Nf3 d5 3. e3 g6 4. c4 c6 5. Nbd2 Bg7 6. b4 a5 7. b5 a4 8. Ba3 O-O
9. Qb1 Bf5 10. Bd3 Bxd3 11. Qxd3 Nbd7 12. bxc6 bxc6 13. Rb1 Re8 14. cxd5 cxd5
15. O-O e6 16. Rb7 Nb6 17. Qb5 Rb8 18. Rxb8 Qxb8 19. Rb1 Nfd7 20. Bc5 Rc8 21.
Kf1 Qb7 22. Bxb6 Rb8 23. Ne1 Nxb6 24. Nd3 Qc7 25. Nc5 Qxh2 26. Na6 1-0

[Event "XXIX Andorra Open"]
[Site "Arinsal AND"]
[Date "2011.07.16"]
[Round "1.10"]
[White "Montiel Miguelez, Manuel"]
[Black "Ibarra Jerez, Jose Carlos"]
[Result "0-1"]
[BlackTitle "IM"]
[WhiteElo "1937"]
[BlackElo "2530"]
[WhiteFideId "2257270"]
[BlackFideId "2226332"]
[EventDate "2011.07.16"]
[EventType "swiss"]

1. e4 c5 2. Nf3 d6 3. d4 cxd4 4. Nxd4 Nf6 5. Nc3 a6 6. Be2 e6 7. O-O b5 8. f4 b4
9. e5 Nfd7 10. Bf3 Ra7 11. Be3 bxc3 12. Nxe6 fxe6 13. Bxa7 dxe5 14. Qd3 Qc7 15.
Bxb8 Qxb8 16. Bh5+ g6 17. Bxg6+ hxg6 18. Qxg6+ Kd8 19. bxc3 exf4 20. Rad1 Bc5+
21. Kh1 Qe5 22. h3 Rxh3+ 23. gxh3 Bb7+ 24. Kh2 Qe2+ 0-1

[Event "XXIX Andorra Open"]
[Site "Arinsal AND"]
[Date "2011.07.16"]
[Round "1.11"]
[White "Zoler, Dan"]
[Black "Garcia-Blazquez Perez, Manuel"]
[Result "1-0"]
[WhiteTitle "IM"]
[WhiteElo "2527"]
[BlackElo "1936"]
[WhiteFideId "2800705"]
[BlackFideId "2269937"]
[EventDate "2011.07.16"]
[EventType "swiss"]

1. d4 Nf6 2. c4 e6 3. Nf3 c5 4. d5 exd5 5. cxd5 d6 6. Nc3 g6 7. Bf4 a6 8. a4 Bg7
9. h3 O-O 10. e3 Ne8 11. Be2 Nd7 12. O-O b6 13. Nd2 g5 14. Bh2 f5 15. f4 gxf4
16. exf4 Ndf6 17. Nc4 Rb8 18. Qc2 Nc7 19. Bf3 b5 20. axb5 Nxb5 21. Nxb5 Rxb5 22.
Rfe1 Re8 23. Bg3 Ne4 24. Bxe4 Rxe4 25. Rxe4 fxe4 26. Qxe4 Bxb2 27. Re1 Bd4+ 28.
Kh2 Qf8 29. Qf3 Bf5 30. Qa3 a5 31. Bh4 Rb1 32. Qg3+ Kh8 33. Nxa5 Be4 34. Rxb1
Bxb1 35. Nc6 Be4 36. Nxd4 cxd4 37. Qf2 Qg7 38. Qe2 Qg6 39. Qb2 Bxd5 40. Qxd4+ 1-0

[Event "XXIX Andorra Open"]
[Site "Arinsal AND"]
[Date "2011.07.16"]
[Round "1.12"]
[White "Cromsigt, Jeroen"]
[Black "Del Rio De Angelis, Salvador G."]
[Result "0-1"]
[BlackTitle "GM"]
[WhiteElo "1935"]
[BlackElo "2509"]
[WhiteFideId "1028839"]
[BlackFideId "2203138"]
[EventDate "2011.07.16"]
[EventType "swiss"]

1. e4 e6 2. Nc3 d5 3. Nf3 dxe4 4. Nxe4 Nd7 5. d4 Ngf6 6. Bg5 Be7 7. Bxf6 Nxf6 8.
Bd3 c5 9. Nxc5 Bxc5 10. dxc5 Qa5+ 11. Qd2 Qxc5 12. Qg5 Qb4+ 13. Ke2 O-O 14. Qh4
Qxb2 15. Rab1 Qxa2 16. Rb5 e5 17. Rxe5 Bg4 18. Rg5 Rfe8+ 19. Kd2 Ne4+ 20. Bxe4
Rxe4 0-1

[Event "XXIX Andorra Open"]
[Site "Arinsal AND"]
[Date "2011.07.16"]
[Round "1.13"]
[White "Gonzalez Vidal, Yuri"]
[Black "Tuerlinckx, Ben"]
[Result "1-0"]
[WhiteTitle "GM"]
[WhiteElo "2503"]
[BlackElo "1935"]
[WhiteFideId "3503321"]
[BlackFideId "229334"]
[EventDate "2011.07.16"]
[EventType "swiss"]

1. e4 c6 2. d4 d5 3. e5 c5 4. Nf3 Nc6 5. Bb5 Bg4 6. dxc5 e6 7. c3 Bxc5 8. Bxc6+
bxc6 9. Qa4 Bxf3 10. Qxc6+ Qd7 11. Qxa8+ Ke7 12. gxf3 f5 13. Be3 Bxe3 14. fxe3
Qc7 15. Na3 Qb6 16. O-O-O g6 17. Qc8 Qxe3+ 18. Kb1 Qb6 19. Nc4 Qb5 20. Qc7+ Qd7
21. Qd6+ Qxd6 22. exd6+ 1-0

[Event "XXIX Andorra Open"]
[Site "Arinsal AND"]
[Date "2011.07.16"]
[Round "1.14"]
[White "Gawle, Ireneusz"]
[Black "Norwood, David R"]
[Result "0-1"]
[BlackTitle "GM"]
[WhiteElo "1925"]
[BlackElo "2491"]
[WhiteFideId "1157329"]
[BlackFideId "400106"]
[EventDate "2011.07.16"]
[EventType "swiss"]

1. e4 g6 2. d4 Bg7 3. Nf3 d6 4. Nc3 c6 5. Bg5 Bg4 6. Qd2 Bxf3 7. gxf3 Nd7 8.
O-O-O b5 9. f4 b4 10. Nb1 Qa5 11. a3 Rb8 12. e5 d5 13. e6 fxe6 14. Bh3 Nf8 15.
Rhe1 Nh6 16. Bxe6 Nxe6 17. Rxe6 Nf5 18. Rde1 O-O 19. axb4 Qxb4 20. Qxb4 Rxb4 21.
c3 Rb7 22. Bxe7 Nxe7 23. Rxe7 Rxe7 24. Rxe7 Rxf4 25. Rxa7 Rxf2 26. b4 Rxh2 27.
Rc7 g5 28. Rxc6 g4 29. Rc8+ Bf8 30. Nd2 g3 31. Nf3 Rf2 32. Nh4 Rf4 33. Ng2 Rf1+
34. Kd2 Rf2+ 35. Ke3 Rxg2 36. Kf3 Rg1 37. Rd8 h5 38. Rxd5 h4 39. b5 h3 40. Rg5+
Kf7 41. Rxg3 h2 0-1

[Event "XXIX Andorra Open"]
[Site "Arinsal AND"]
[Date "2011.07.16"]
[Round "1.15"]
[White "Venkatesh, M.R."]
[Black "Sevenyuk, Alexey"]
[Result "1-0"]
[WhiteTitle "IM"]
[WhiteElo "2480"]
[BlackElo "1924"]
[WhiteFideId "5005779"]
[BlackFideId "13504606"]
[EventDate "2011.07.16"]
[EventType "swiss"]

1. e4 c5 2. Nc3 d6 3. d4 cxd4 4. Qxd4 Nc6 5. Bb5 Bd7 6. Bxc6 Bxc6 7. Bg5 Nf6 8.
O-O-O e5 9. Qd3 Be7 10. Nf3 Qa5 11. Nd2 b5 12. Bxf6 gxf6 13. Kb1 Qb6 14. f4 a5
15. Nd5 Bxd5 16. exd5 a4 17. Rhf1 b4 18. Qf5 a3 19. b3 Qc7 20. fxe5 dxe5 21. Ne4
Rc8 22. Rf2 Rd8 23. d6 Bxd6 24. Qxf6 1-0

[Event "XXIX Andorra Open"]
[Site "Arinsal AND"]
[Date "2011.07.16"]
[Round "1.16"]
[White "Pampliega Canturri, Antoni"]
[Black "Das, Arghyadip"]
[Result "0-1"]
[BlackTitle "IM"]
[WhiteElo "1912"]
[BlackElo "2471"]
[WhiteFideId "2258030"]
[BlackFideId "5003610"]
[EventDate "2011.07.16"]
[EventType "swiss"]

1. e4 c5 2. Nf3 d6 3. c3 Nf6 4. d3 g6 5. h3 Bg7 6. Be3 O-O 7. Be2 b6 8. Nbd2 Bb7
9. O-O Nbd7 10. Qc2 Rc8 11. Rad1 Qc7 12. Qb1 d5 13. Rc1 h6 14. Nh2 Ba6 15. Rfe1
e5 16. d4 Bxe2 17. Rxe2 cxd4 18. Bxd4 exd4 19. Nhf3 Nxe4 20. Nxe4 dxe4 21. Rxe4
dxc3 22. bxc3 Rfe8 23. Rg4 Ne5 24. Rg3 Nxf3+ 25. Rxf3 Re6 26. Qb3 Rce8 27. Rg3
Re1+ 28. Rxe1 Rxe1+ 29. Kh2 Be5 0-1

[Event "XXIX Andorra Open"]
[Site "Arinsal AND"]
[Date "2011.07.16"]
[Round "1.18"]
[White "Rosenfeld, Imre"]
[Black "Wegerle, Joerg"]
[Result "0-1"]
[BlackTitle "IM"]
[WhiteElo "1905"]
[BlackElo "2446"]
[WhiteFideId "614521"]
[BlackFideId "4644743"]
[EventDate "2011.07.16"]
[EventType "swiss"]

1. d4 Nf6 2. Nf3 c5 3. e3 cxd4 4. exd4 d5 5. Bd3 Bg4 6. c3 Nc6 7. O-O Qc7 8. Re1
e6 9. Nbd2 Bd6 10. Nf1 O-O-O 11. Be2 Kb8 12. Ne5 Bxe5 13. Bxg4 Nxg4 14. Qxg4 h5
15. Qe2 Bd6 16. a4 Rdg8 17. Qd3 g5 18. Bd2 Na5 19. Qc2 h4 20. b3 Nc6 21. Qd3 g4
22. c4 g3 23. fxg3 hxg3 24. h3 dxc4 25. bxc4 Nxd4 26. Bc3 Rh4 27. Re4 Rxe4 28.
Qxe4 Nf5 29. a5 Qc5+ 30. Kh1 Qc6 31. Qd3 a6 32. Rb1 Bc7 33. Nd2 Rd8 34. Qe2 Ka8
35. Nf3 Qc5 36. Bb4 Qe3 37. Qb2 Qf2 38. Bd2 Rb8 39. Qc3 Qc5 40. Ng5 Be5 41. Qd3
Qc7 42. Nf3 Bd6 43. Qe4 Rd8 44. Bg5 Rd7 45. Bd2 Qc6 46. Qe2 Rc7 47. Ng5 Qxc4 48.
Qxc4 Rxc4 49. Nxf7 Bc7 50. Ng5 Nd4 51. Be1 Bf4 52. Ne4 Nf5 53. Nf6 Kb8 54. Nd7+
Kc7 55. Nb6 Re4 56. Bb4 Kc6 57. Bf8 Bd2 58. Nc8 Bxa5 59. Ne7+ Nxe7 60. Bxe7 Re1+
61. Rxe1 Bxe1 62. h4 Kd7 63. Bf6 Ke8 64. Kg1 Kf7 65. Be5 Kg6 66. Kf1 Kf5 67. Bc7
Bf2 68. Ke2 e5 69. Kd3 e4+ 70. Ke2 Kg4 71. Bd8 Bc5 72. Kd2 b5 73. Kc3 b4+ 74.
Kc4 e3 75. Kd3 b3 76. Ba5 Bd4 77. Bb4 b2 78. Kc2 e2 79. Ba5 Kxh4 0-1

[Event "XXIX Andorra Open"]
[Site "Arinsal AND"]
[Date "2011.07.16"]
[Round "1.19"]
[White "Caspi, Israel"]
[Black "Benet Morant, Damia"]
[Result "1-0"]
[WhiteTitle "IM"]
[WhiteElo "2443"]
[BlackElo "1902"]
[WhiteFideId "2807394"]
[BlackFideId "2291959"]
[EventDate "2011.07.16"]
[EventType "swiss"]

1. e4 Nf6 2. e5 Nd5 3. d4 d6 4. c4 Nb6 5. exd6 exd6 6. Nf3 Bg4 7. h3 Bh5 8. Be2
Be7 9. O-O O-O 10. Nc3 c6 11. Qb3 N8d7 12. Be3 f5 13. Rfe1 Bf7 14. a4 Rb8 15. a5
Na8 16. Qc2 g6 17. a6 b6 18. Qa4 Rc8 19. Rad1 Nc7 20. Qxc6 Be8 21. Qa4 Nc5 22.
Qa2 N5xa6 23. Bh6 Rf6 24. c5+ Bf7 25. Qa3 b5 26. Nxb5 Nxb5 27. Bxb5 Nc7 28. Bf1
Re6 29. Be3 Qf8 30. Qxa7 1-0

[Event "XXIX Andorra Open"]
[Site "Arinsal AND"]
[Date "2011.07.16"]
[Round "1.20"]
[White "Nadal Bestard, Sebastia"]
[Black "Gagarin, Vasilij"]
[Result "0-1"]
[BlackTitle "IM"]
[WhiteElo "1875"]
[BlackElo "2428"]
[WhiteFideId "2285231"]
[BlackFideId "4103610"]
[EventDate "2011.07.16"]
[EventType "swiss"]

1. d4 d5 2. c4 c6 3. Nc3 Nf6 4. Nf3 e6 5. Bg5 h6 6. Bh4 dxc4 7. e4 g5 8. Bg3 b5
9. e5 Nh5 10. Be2 Bg7 11. O-O O-O 12. Ne1 Nxg3 13. fxg3 a6 14. Nc2 c5 15. Bf3
Ra7 16. Re1 cxd4 17. Nxd4 Rd7 18. Re4 Bb7 19. Rg4 h5 20. Bxb7 hxg4 21. Be4 Rxd4
22. Qxg4 f5 23. exf6 Qxf6 24. h3 Nd7 25. Kh2 Nc5 26. Re1 b4 27. Qh5 Qh6 0-1

[Event "XXIX Andorra Open"]
[Site "Arinsal AND"]
[Date "2011.07.17"]
[Round "2.1"]
[White "Priebe, Jan"]
[Black "Georgiev, Kiril"]
[Result "0-1"]
[BlackTitle "GM"]
[WhiteElo "2274"]
[BlackElo "2654"]
[WhiteFideId "4657527"]
[BlackFideId "2900017"]
[EventDate "2011.07.16"]
[EventType "swiss"]

1. e4 e5 2. Nf3 Nc6 3. Bb5 Nf6 4. O-O Nxe4 5. Re1 Nd6 6. Nxe5 Be7 7. Bf1 Nxe5 8.
Rxe5 O-O 9. d4 Bf6 10. Re1 Re8 11. c3 b6 12. Bf4 Re6 13. Na3 Bb7 14. Nc4 Nf5 15.
Qd2 Bd5 16. Ne3 Nxe3 17. Bxe3 d6 18. c4 Be4 19. d5 Re8 20. Re2 Bg6 21. Rae1 Qd7
22. f3 h6 23. b3 a5 24. Kf2 Qf5 25. Rd1 a4 26. b4 Re4 27. Ree1 Re7 28. Bd3 Bh4+
29. g3 Qh3 30. gxh4 Qxh2+ 31. Kf1 Bxd3+ 32. Qxd3 Rae8 33. Re2 Qg3 34. Rg2 Qxf3+
35. Bf2 Re1+ 0-1

[Event "XXIX Andorra Open"]
[Site "Arinsal AND"]
[Date "2011.07.17"]
[Round "2.2"]
[White "Hamdouchi, Hicham"]
[Black "Villegas, Pierre"]
[Result "1-0"]
[WhiteTitle "GM"]
[WhiteElo "2628"]
[BlackElo "2255"]
[WhiteFideId "9000011"]
[BlackFideId "654183"]
[EventDate "2011.07.16"]
[EventType "swiss"]

1. g3 d5 2. Bg2 c6 3. c4 Nf6 4. Nf3 Bg4 5. O-O Bxf3 6. Bxf3 e6 7. Qc2 Nbd7 8. d4
Bd6 9. Nd2 O-O 10. e4 dxe4 11. Nxe4 Nxe4 12. Qxe4 Qf6 13. h4 h6 14. Bd1 Rfe8 15.
Bc2 Nf8 16. Be3 Qg6 17. Qxg6 Nxg6 18. f4 Nf8 19. g4 Nd7 20. c5 Bf8 21. g5 hxg5
22. hxg5 g6 23. b4 Rad8 24. a4 a6 25. Kf2 Bg7 26. Rfd1 Nb8 27. Ke2 Kf8 28. Rab1
Re7 29. Kd3 Red7 30. Kc4 Ke7 31. Be4 Kf8 32. Rd3 Bh8 33. Rbd1 Bg7 34. Bc1 Kg8
35. Bb2 Kf8 36. Rh1 Kg8 37. Bc3 Re7 38. Rb1 Red7 39. Rb2 Kf8 40. Rdd2 Kg8 41. b5
axb5+ 42. axb5 cxb5+ 43. Rxb5 Nc6 44. Bxc6 bxc6 45. Rb6 Rc8 46. Rdb2 Kf8 47. Rb8
Rdd8 48. Rxc8 Rxc8 49. Ra2 Ke8 50. Ra7 Bf8 51. Ba5 Be7 52. Bc7 Bf8 53. Bd6 Bxd6
54. cxd6 Rb8 55. Re7+ Kf8 56. Rc7 Ke8 57. Kc5 Ra8 58. Re7+ Kf8 59. Rb7 Ke8 60.
Kxc6 Rc8+ 61. Rc7 Rd8 62. d5 exd5 63. Re7+ Kf8 64. Re5 Rc8+ 65. Kb7 Rd8 66. Kc7
Ra8 67. d7 Ra7+ 68. Kc6 Ra8 69. Kb7 Rd8 70. Kc7 Ra8 1-0

[Event "XXIX Andorra Open"]
[Site "Arinsal AND"]
[Date "2011.07.17"]
[Round "2.3"]
[White "Hamdouchi, Adina-Maria"]
[Black "Damljanovic, Branko"]
[Result "0-1"]
[WhiteTitle "WGM"]
[BlackTitle "GM"]
[WhiteElo "2266"]
[BlackElo "2611"]
[WhiteFideId "1206435"]
[BlackFideId "900125"]
[EventDate "2011.07.16"]
[EventType "swiss"]

1. g3 c5 2. Bg2 Nc6 3. d3 d5 4. Nd2 e5 5. e4 d4 6. Ngf3 Bg4 7. h3 Be6 8. O-O f6
9. Nh4 Qd7 10. f4 O-O-O 11. f5 Bf7 12. Nhf3 Kb8 13. a3 Nge7 14. Ne1 Nc8 15. Bf3
b5 16. a4 a6 17. axb5 axb5 18. c4 dxc3 19. bxc3 Nb6 20. Rb1 b4 21. Qc2 Qa7 22.
Kg2 Kc7 23. cxb4 Nd4 24. Qc3 Na4 25. Qa1 cxb4 26. Bd1 Ra8 27. Bb2 Nxb2 28. Qxb2
Qa3 29. Nc2 Qxb2 30. Rxb2 Nc6 31. Ne3 Bd6 32. Bb3 Bxb3 33. Nxb3 Rhb8 34. Rc1 Kd7
35. Nd5 Ra3 36. Kf3 Rxb3 0-1

[Event "XXIX Andorra Open"]
[Site "Arinsal AND"]
[Date "2011.07.17"]
[Round "2.4"]
[White "Iturrizaga, Eduardo"]
[Black "Nass, Emile"]
[Result "1-0"]
[WhiteTitle "GM"]
[WhiteElo "2603"]
[BlackElo "2247"]
[WhiteFideId "3901211"]
[BlackFideId "635944"]
[EventDate "2011.07.16"]
[EventType "swiss"]

1. Nf3 Nf6 2. c4 e6 3. g3 b6 4. Bg2 Bb7 5. O-O Be7 6. d4 O-O 7. Re1 d6 8. d5
exd5 9. Nh4 c6 10. cxd5 Nxd5 11. Nf5 Re8 12. e4 Nc7 13. Bf4 d5 14. Bxc7 Qxc7 15.
exd5 cxd5 16. Qd4 f6 17. Bxd5+ Kf8 18. Qg4 g6 19. Qh4 1-0

[Event "XXIX Andorra Open"]
[Site "Arinsal AND"]
[Date "2011.07.17"]
[Round "2.5"]
[White "Llaneza Vega, Patricia"]
[Black "Peralta, Fernando"]
[Result "0-1"]
[WhiteTitle "WIM"]
[BlackTitle "GM"]
[WhiteElo "2246"]
[BlackElo "2601"]
[WhiteFideId "2212676"]
[BlackFideId "105309"]
[EventDate "2011.07.16"]
[EventType "swiss"]

1. e4 c6 2. c4 d5 3. cxd5 cxd5 4. exd5 Nf6 5. Qa4+ Nbd7 6. Nc3 g6 7. Nf3 Bg7 8.
Bc4 a6 9. d3 O-O 10. Qa3 b6 11. O-O Bb7 12. Re1 Re8 13. Be3 b5 14. Bb3 Nb6 15.
Bxb6 Qxb6 16. Qb4 Qd8 17. a4 Nxd5 18. Nxd5 Bxd5 19. Bxd5 Qxd5 20. axb5 Qxb5 21.
Qxb5 axb5 22. d4 e6 23. Kf1 Rec8 24. Rxa8 Rxa8 25. Rc1 Bf8 26. Rc7 Ra1+ 27. Ke2
Ra2 28. Ng5 Rxb2+ 29. Kf3 Bb4 30. Nxf7 Be1 31. Ng5 Rxf2+ 32. Ke4 Rxg2 33. Nxe6
Rxh2 34. Rg7+ Kh8 35. Rb7 h5 36. Rxb5 Re2+ 37. Kd5 Bg3 38. Rb7 h4 39. Ng5 Kg8
40. Rd7 Rf2 41. Ne4 Rf7 42. Rd8+ Kg7 43. Ke6 Bf4 44. Rh8 Kxh8 45. Kxf7 Kh7 46.
d5 Kh6 47. Kf6 h3 48. Nf2 h2 49. Ke6 Kg5 50. d6 Bxd6 51. Kxd6 Kf4 0-1

[Event "XXIX Andorra Open"]
[Site "Arinsal AND"]
[Date "2011.07.17"]
[Round "2.6"]
[White "Arizmendi Martinez, Julen Luis"]
[Black "Garcia, Raul"]
[Result "1-0"]
[WhiteTitle "GM"]
[BlackTitle "FM"]
[WhiteElo "2555"]
[BlackElo "2213"]
[WhiteFideId "2205092"]
[BlackFideId "6900020"]
[EventDate "2011.07.16"]
[EventType "swiss"]

1. d4 d5 2. c4 c6 3. Nf3 Nf6 4. e3 a6 5. Bd3 dxc4 6. Bxc4 b5 7. Bd3 e6 8. a4 b4
9. e4 Nbd7 10. Nbd2 Be7 11. Nc4 Bb7 12. e5 Nd5 13. Ng5 Bxg5 14. Nd6+ Kf8 15. Qf3
f5 16. Qh5 g6 17. Qxg5 Qxg5 18. Bxg5 Ra7 19. Bh6+ Ke7 20. Bg5+ Kf8 21. Bh6+ Ke7
22. Rc1 Rb8 23. Bg5+ Kf8 24. Bh6+ Ke7 25. Bg5+ Kf8 26. Nxb7 Rbxb7 27. Bh6+ Ke7
28. Rxc6 Rb6 29. Bg5+ Kf8 30. Rc8+ Kf7 31. Ke2 Ne7 32. Bxe7 Kxe7 33. a5 Rb8 34.
Rc6 b3 35. Rhc1 Rb4 36. R1c4 Rb5 37. Ra4 Rb8 38. Bxa6 Rba8 39. Bc4 1-0

[Event "XXIX Andorra Open"]
[Site "Arinsal AND"]
[Date "2011.07.17"]
[Round "2.7"]
[White "Kogan, Pavel"]
[Black "Almeida Quintana, Omar"]
[Result "0-1"]
[BlackTitle "GM"]
[WhiteElo "2221"]
[BlackElo "2548"]
[WhiteFideId "2804425"]
[BlackFideId "3503313"]
[EventDate "2011.07.16"]
[EventType "swiss"]

1. d4 g6 2. c4 Bg7 3. Nc3 d6 4. e4 Nf6 5. Be2 O-O 6. Bg5 c5 7. d5 h6 8. Bf4 Qa5
9. Bd2 a6 10. Qc2 Qc7 11. a4 e6 12. dxe6 Bxe6 13. Nf3 Bg4 14. Nd5 Nxd5 15. cxd5
Nd7 16. O-O Rfe8 17. Ra3 Nf6 18. h3 Bd7 19. Be3 b5 20. Rd1 Qa7 21. b4 Nxe4 0-1

[Event "XXIX Andorra Open"]
[Site "Arinsal AND"]
[Date "2011.07.17"]
[Round "2.8"]
[White "Kogan, Artur"]
[Black "Bas Mas, Jose Joaquin"]
[Result "1-0"]
[WhiteTitle "GM"]
[WhiteElo "2548"]
[BlackElo "2194"]
[WhiteFideId "2800802"]
[BlackFideId "22219064"]
[EventDate "2011.07.16"]
[EventType "swiss"]

1. e4 e6 2. d3 d5 3. Qe2 Nf6 4. Nf3 c5 5. e5 Nfd7 6. c4 dxc4 7. dxc4 Nc6 8. Nc3
a6 9. Bf4 Be7 10. h4 Qa5 11. O-O-O Nf8 12. h5 Bd7 13. h6 g6 14. Qe3 O-O-O 15.
Bg5 Bxg5 16. Nxg5 Be8 17. Rxd8+ Qxd8 18. Nce4 Nxe5 19. Qxc5+ Nc6 20. Nd6+ Kb8
21. Ngxf7 Bxf7 22. Nxf7 Qf6 23. Nxh8 Qxh8 24. Qd6+ Ka8 25. Rh3 1-0